| Tag |
First Indicator |
Second Indicator |
Subfields |
| LEADER |
00000cam a2200000 4500 |
| 001 |
in00000099870 |
| 005 |
20150926125631.0 |
| 008 |
720223s1955 eng u |
| 010 |
|
|
|a 55005699
|
| 035 |
|
|
|a (OCoLC)00247911
|
| 035 |
|
|
|9 AAL4033AM
|
| 040 |
|
|
|c CIN
|d TXA
|d UtOrBLW
|
| 049 |
|
|
|a TXAM
|c [272579]
|
| 090 |
|
|
|a TP155
|b .T7
|
| 100 |
1 |
|
|a Treybal, Robert Ewald,
|d 1915-
|
| 245 |
1 |
0 |
|a Mass-transfer operations /
|c [by] Robert E. Treybal.
|
| 264 |
|
1 |
|a New York :
|b McGraw-Hill,
|c 1955.
|
| 300 |
|
|
|a ix, 666 pages :
|b illustrations ;
|c 24cm.
|
| 336 |
|
|
|a text
|b txt
|2 rdacontent
|
| 337 |
|
|
|a unmediated
|b n
|2 rdamedia
|
| 338 |
|
|
|a volume
|b nc
|2 rdacarrier
|
| 490 |
1 |
|
|a McGraw-Hill series in chemical engineering
|
| 504 |
|
|
|a Includes bibliographical references.
|
| 650 |
|
0 |
|a Chemical engineering.
|
| 830 |
|
0 |
|a McGraw-Hill series in chemical engineering.
|
| 999 |
|
|
|a MARS
|
| 999 |
f |
f |
|s 689bc3db-6eba-381b-a0ef-122539cec038
|i 32d03d06-0695-34c3-ada7-7a8476729b63
|t 0
|
| 952 |
f |
f |
|p normal
|a Texas A&M University
|b College Station
|c Sterling C. Evans Library
|d Evans: Library Stacks
|t 0
|e TP155 .T7
|h Library of Congress classification
|i unmediated -- volume
|m A14805596817
|
| 998 |
f |
f |
|a TP155 .T7
|t 0
|l Evans: Library Stacks
|